| Поле | Инд. | ПП | Название | Значение |
|---|---|---|---|---|
| Тип записи | a | |||
| Библиографический уровень | m | |||
| 001 | Контрольный номер | 67be6307c6364bbbb988d880d0bf7dc2 | ||
| 005 | Дата корректировки | 20220617130023.0 | ||
| 008 | Кодируемые данные | 220530|||||||||ru |||||||||||||||||rus|| | ||
| 020 | a | ISBN | 978-5-904680-04-6 | |
| 041 | 0_ | a | Код языка текста | rus |
| 084 | a | Индекс другой классификации/Индекс ББК | 75.5+63.5 | |
| 090 | a | Полочн. индекс | 75.5 | |
| x | Авторский знак | М 42 | ||
| 100 | 1_ | a | Автор | Медведева М. Г. |
| 203 | a | Вид содержания | Текст | |
| c | Тип средства | непосредственное | ||
| 245 | 10 | a | Заглавие | Саамские игры |
| 246 | 01 | a | Другая форма заглавия | Самь сир |
| 260 | a | Место издания | Мурманск | |
| b | Издательство | [Ракета] | ||
| c | Дата издания | 2011 | ||
| 300 | a | Объем | 31, [1] с. | |
| b | Иллюстрации/ тип воспроизводства | ил., портр. | ||
| 500 | a | Примечание | Текст парал. рус., саам. | |
| 500 | a | Примечание | Сведения об авторе на оборотной стороне обложки | |
| 520 | 0_ | a | Аннотация | В сборник вошли обрисовки правил различных саамских игр, а также описания изготовлений саамских игрушек. Саами заполняют свой досуг разнообразными играми, например такими, как прыжки на расстояние и в высоту, состязания в стрельбе из лука, борьба. К числу игр, в которых наряду с мужчинами принимают участие женщины и дети, относится игра в мяч. Коснувшись развлечений саамов, следует упомянуть о многообразных играх с верёвкой, мячом, в бабки, в которых до сих пор охотно принимают участие как молодёжь, так и взрослое население. Среди детей распространены игры в оленью райду, оленье стадо и так далее |
| 650 | 04 | a | Основная рубрика | Игры народные-Саамы |
| 653 | 0_ | a | Ключевые слова | Игрушки саамские |
| a | Ключевые слова | Игры | ||
| a | Ключевые слова | Игры народные | ||
| a | Ключевые слова | Игры саамские | ||
| a | Ключевые слова | История саамов | ||
| a | Ключевые слова | Культура саамская | ||
| a | Ключевые слова | Саамы | ||
| 900 | a | Имя макрообъекта | Медведева М. Саамские игры | |
| 901 | t | Тип документа | m |